[Event "Novi Sad Serbian op"]
[Site "Novi Sad"]
[Date "2016.11.09"]
[Round "5"]
[White "Kokotovic, Aleksandar"]
[Black "Burcu, Cagatay"]
[Result "1-0"]
[WhiteElo "2144"]
[BlackElo "2263"]
[PlyCount "119"]
[EventDate "2016.11.06"]
[EventType "swiss"]
[EventRounds "9"]
[EventCountry "SRB"]
[SourceTitle "CBM 175 Extra"]
[Source "ChessBase"]
[SourceDate "2016.12.12"]
[SourceVersion "1"]
[SourceVersionDate "2016.12.12"]
[SourceQuality "1"]

1. d4 d5 2. c4 c6 3. Nf3 Nf6 4. Nc3 e6 5. Bg5 Nbd7 6. e3 Qa5 7. Nd2 Bb4 8. Qc2 0-0 9. Nb3 Bxc3+ 10. bxc3 Qa4 11. c5 b6 12. Bd3 Ba6 13. cxb6 axb6 14. 0-0 Bxd3 15. Qxd3 Ne4 16. Be7 Rfe8 17. Bb4 Rac8 18. f3 Nef6 19. Bd6 e5 20. Rfe1 e4 21. Qe2 Re6 22. Bg3 exf3 23. gxf3 Rce8 24. Qd3 c5 25. Nc1 c4 26. Qd2 Qa3 27. Rb1 Qe7 28. Bf2 Nh5 29. Ne2 Qf6 30. Kg2 Qg5+ 31. Ng3 Nxg3 32. hxg3 h5 33. Rh1 Rh6 34. Rh4 Nf8 35. Rb5 Ng6 36. Rh3 Ne7 37. Qe2 Qg6 38. Rh4 Qc6 39. a4 Nf5 40. Rh3 Nd6 41. Rb4 Ra8 42. Qc2 b5 43. axb5 Nxb5 44. Rh1 Ra5 45. Qf5 Qe6 46. Qg5 f6 47. Qf4 Nxc3 48. Rb8+ Kh7 49. Qc7 Ra2 50. Rb7 Qg8 51. Qd7 Ra8 52. e4 dxe4 53. fxe4 Re8 54. Be3 Rxe4 55. Qf5+ Kh8 56. Bxh6 Re2+ 57. Kf1 Qe8 58. Bd2 Re1+ 59. Bxe1 Qe2+ 60. Kg1 1-0

[Event "BIH-chT Seniors"]
[Site "Mosko"]
[Date "2015.08.17"]
[Round "8"]
[White "Bulajic, Ratko"]
[Black "Kokotovic, Aleksandar"]
[Result "1-0"]
[WhiteElo "2316"]
[BlackElo "2128"]
[PlyCount "69"]
[EventDate "2015.08.10"]
[EventType "team-tourn"]
[EventRounds "9"]
[EventCountry "BIH"]
[SourceTitle "EXT 2016"]
[Source "ChessBase"]
[SourceDate "2015.10.08"]
[SourceVersion "1"]
[SourceVersionDate "2015.10.08"]
[SourceQuality "1"]

1. d4 Nf6 2. c4 e5 3. dxe5 Ng4 4. Nf3 Bc5 5. e3 Nc6 6. Be2 Ngxe5 7. 0-0 0-0 8. Nc3 Re8 9. Nd4 d6 10. b3 Bd7 11. Bb2 Bxd4 12. exd4 Ng6 13. Qd2 Qh4 14. Nd5 Rac8 15. f4 Nce7 16. g3 Qh6 17. Ne3 Nf8 18. Rae1 Bh3 19. Rf2 f5 20. Bf3 c6 21. Rfe2 Kf7 22. Qb4 b6 23. c5 bxc5 24. dxc5 d5 25. Qb7 Rb8 26. Qxa7 Ra8 27. Qb7 Reb8 28. Qxe7+ Kxe7 29. Nxf5+ Kd8 30. Re8+ Kc7 31. R1e7+ Nd7 32. Be5+ Kb7 33. Rxd7+ Ka6 34. Be2+ Ka5 35. Bc3+ 1-0

[Event "BIH-chT Seniors"]
[Site "Mosko"]
[Date "2015.08.12"]
[Round "3"]
[White "Kokotovic, Aleksandar"]
[Black "Stojanovic, Dobrisav"]
[Result "1-0"]
[WhiteElo "2128"]
[BlackElo "2332"]
[PlyCount "57"]
[EventDate "2015.08.10"]
[EventType "team-tourn"]
[EventRounds "9"]
[EventCountry "BIH"]
[SourceTitle "EXT 2016"]
[Source "ChessBase"]
[SourceDate "2015.10.08"]
[SourceVersion "1"]
[SourceVersionDate "2015.10.08"]
[SourceQuality "1"]

1. d4 d5 2. c4 c6 3. Nc3 Nf6 4. Nf3 e6 5. e3 Nbd7 6. Qc2 Bd6 7. g4 dxc4 8. Bxc4 b5 9. Be2 Bb7 10. g5 Nd5 11. Ne4 Be7 12. Bd2 Rc8 13. Nc5 Nxc5 14. dxc5 Bxg5 15. Nxg5 Qxg5 16. 0-0-0 Qf6 17. f4 a5 18. Rdf1 Nb4 19. Qb3 Ra8 20. Rhg1 Qe7 21. Rxg7 Qxc5+ 22. Kd1 Rd8 23. a3 Nd5 24. Ke1 a4 25. Qd3 Ne7 26. Rxh7 Rxd3 27. Rxh8+ Kd7 28. Bxd3 Qd5 29. Ba5 1-0

[Event "BIH-chT Seniors"]
[Site "Mosko"]
[Date "2015.08.11"]
[Round "2"]
[White "Popovic, Nenad"]
[Black "Kokotovic, Aleksandar"]
[Result "1-0"]
[WhiteElo "2273"]
[BlackElo "2128"]
[PlyCount "127"]
[EventDate "2015.08.10"]
[EventType "team-tourn"]
[EventRounds "9"]
[EventCountry "BIH"]
[SourceTitle "EXT 2016"]
[Source "ChessBase"]
[SourceDate "2015.10.08"]
[SourceVersion "1"]
[SourceVersionDate "2015.10.08"]
[SourceQuality "1"]

1. d4 d5 2. c4 c6 3. e3 Nf6 4. Qc2 Nbd7 5. Nf3 e6 6. Nbd2 a6 7. b3 b5 8. Bd3 Bb7 9. c5 Qc7 10. Bb2 h6 11. h3 Be7 12. a4 0-0 13. g4 bxa4 14. Rxa4 a5 15. g5 hxg5 16. Nxg5 Ba6 17. Bh7+ Kh8 18. Ndf3 Bb5 19. Ra1 Bd8 20. Bg6 Kg8 21. Bxf7+ Rxf7 22. Nxf7 Kxf7 23. Ng5+ Kg8 24. Nxe6 Qb7 25. Rg1 Ne8 26. f3 a4 27. Nxd8 Rxd8 28. bxa4 Bc4 29. Bc3 Nf8 30. Rg3 Nf6 31. Kd2 Qf7 32. Qf5 Ba6 33. Rag1 Ne6 34. Rg6 Rf8 35. Qe5 Kh7 36. Kc1 Re8 37. Qf5 Kh8 38. R1g4 Qe7 39. Rxf6 Nf8 40. Rh4+ Kg8 41. Rxf8+ Rxf8 42. Qh7+ Kf7 43. Qh5+ Ke6 44. Qe5+ Kd7 45. Qxe7+ Kxe7 46. f4 Be2 47. Kd2 Bf3 48. a5 Kf6 49. Ke1 Kg6 50. Kf2 Bd1 51. f5+ Rxf5+ 52. Rf4 Rh5 53. Rf8 Rxh3 54. a6 Rh2+ 55. Ke1 Ra2 56. Kxd1 Rxa6 57. Rb8 Ra7 58. Rb6 Rc7 59. e4 dxe4 60. d5 Kf5 61. Rxc6 Rd7 62. Rd6 Re7 63. c6 e3 64. Rd7 1-0

[Event "BIH-chT Cup"]
[Site "Banja Vrucica"]
[Date "2013.08.16"]
[Round "7"]
[White "Tonkovic, Robert"]
[Black "Kokotovic, Aleksandar"]
[Result "0-1"]
[WhiteElo "2168"]
[BlackElo "2070"]
[PlyCount "80"]
[EventDate "2013.08.10"]
[EventType "team-tourn"]
[EventRounds "9"]
[EventCountry "BIH"]
[SourceTitle "CBM 155 Extra"]
[Source "ChessBase"]
[SourceDate "2013.08.26"]
[SourceVersion "1"]
[SourceVersionDate "2013.08.26"]
[SourceQuality "1"]

1. e4 c5 2. Nc3 a6 3. a4 e6 4. Bc4 Nc6 5. f4 d6 6. Nf3 Be7 7. d3 Nf6 8. 0-0 0-0 9. e5 dxe5 10. fxe5 Nxe5 11. Nxe5 Qd4+ 12. Kh1 Qxe5 13. Bf4 Qh5 14. Qe1 Bd7 15. Rf3 Bc6 16. Rg3 Qf5 17. Be5 Nh5 18. Re3 Bg5 19. Re2 Nf4 20. Rf2 Qg4 21. Ne4 Ng6 22. Bg3 Bh4 23. Rf3 b5 24. h3 Qh5 25. Bb3 c4 26. axb5 axb5 27. Rxa8 Rxa8 28. dxc4 Ne5 29. Rf4 Bxg3 30. Qxg3 Qd1+ 31. Kh2 bxc4 32. Nc3 cxb3 33. Nxd1 bxc2 34. Rd4 Nf3+ 35. gxf3 c1Q 36. Qd6 h6 37. Rd3 Bd5 38. Qb4 Bxf3 39. Rxf3 Qxd1 40. Rxf7 Qc2+ 0-1

[Event "BIH-chT Cup"]
[Site "Banja Vrucica"]
[Date "2013.08.15"]
[Round "6"]
[White "Kokotovic, Aleksandar"]
[Black "Sibarevic, Milenko"]
[Result "1-0"]
[WhiteElo "2070"]
[BlackElo "2292"]
[PlyCount "59"]
[EventDate "2013.08.10"]
[EventType "team-tourn"]
[EventRounds "9"]
[EventCountry "BIH"]
[SourceTitle "CBM 155 Extra"]
[Source "ChessBase"]
[SourceDate "2013.08.26"]
[SourceVersion "1"]
[SourceVersionDate "2013.08.26"]
[SourceQuality "1"]

1. d4 Nf6 2. c4 e6 3. Nc3 c5 4. d5 exd5 5. cxd5 Bd6 6. Nf3 0-0 7. g3 Re8 8. Bg2 Bf8 9. 0-0 d6 10. Nd2 Na6 11. Nc4 Nc7 12. a4 b6 13. Re1 Ba6 14. b3 g6 15. Qc2 Bg7 16. Bb2 Bxc4 17. bxc4 Na6 18. h3 Nb4 19. Qd2 a6 20. Kh2 h5 21. f4 Ra7 22. e4 Rae7 23. Re2 h4 24. g4 g5 25. e5 Nh7 26. Ne4 dxe5 27. fxg5 Rd7 28. Rf1 Nc6 29. Ref2 Nd4 30. Nf6+ 1-0

[Event "Wch U18"]
[Site "Maribor"]
[Date "2012.11.17"]
[Round "10.25"]
[White "Kokotovic, Aleksandar"]
[Black "Druska, Juraj"]
[Result "0-1"]
[WhiteElo "2062"]
[BlackElo "2310"]
[PlyCount "140"]
[EventDate "2012.11.08"]
[EventType "swiss"]
[EventRounds "11"]
[EventCountry "SLO"]
[SourceTitle "EXT 2013"]
[Source "ChessBase"]
[SourceDate "2012.11.22"]
[SourceVersion "1"]
[SourceVersionDate "2012.11.22"]
[SourceQuality "1"]

1. d4 Nf6 2. c4 e6 3. Nc3 Bb4 4. Qc2 0-0 5. a3 Bxc3+ 6. Qxc3 Ne4 7. Qc2 f5 8. e3 b6 9. Ne2 Bb7 10. f3 Qh4+ 11. g3 Qe7 12. Bg2 Nf6 13. 0-0 d6 14. e4 fxe4 15. fxe4 e5 16. d5 Bc8 17. Nc3 h6 18. Kh1 Ng4 19. Rxf8+ Qxf8 20. Kg1 Qf7 21. h3 Nf6 22. Be3 a5 23. Rf1 Na6 24. g4 Qg6 25. Ne2 Nc5 26. b4 axb4 27. axb4 Nb7 28. Ng3 Ra3 29. Qd2 Nd8 30. Nf5 Bxf5 31. Rxf5 Ra1+ 32. Kh2 Nf7 33. Qb2 Ra8 34. c5 h5 35. cxb6 cxb6 36. gxh5 Nxh5 37. Qf2 b5 38. Qf3 Nf6 39. Qg3 Qxg3+ 40. Kxg3 Ra3 41. Kf2 Ra2+ 42. Kg1 Rb2 43. Rf2 Rxb4 44. Bd2 Ra4 45. Re2 Nd8 46. Bg5 Nb7 47. Rb2 Nc5 48. Rxb5 Ncxe4 49. Be3 Nc3 50. Rb8+ Kf7 51. Rb7+ Kg6 52. Rb6 Nce4 53. Rc6 Kf5 54. Bb6 Ra1+ 55. Kh2 Rd1 56. Rc4 Rxd5 57. Be3 Rd3 58. Bg1 Rd2 59. Ra4 d5 60. Be3 Re2 61. Bb6 Nh5 62. Kg1 Nf4 63. Bf1 Rb2 64. Be3 Ng5 65. Bxf4 Nf3+ 66. Kh1 exf4 67. Bg2 Rb1+ 68. Bf1 Rxf1+ 69. Kg2 Rg1+ 70. Kxf3 Rg3+ 0-1

[Event "EU-ch U18"]
[Site "Albena"]
[Date "2011.09.18"]
[Round "7"]
[White "Petrovski, Igor"]
[Black "Kokotovic, Aleksandar"]
[Result "1-0"]
[WhiteElo "2215"]
[BlackElo "2013"]
[PlyCount "61"]
[EventDate "2011.09.11"]
[EventType "swiss"]
[EventRounds "9"]
[EventCountry "BUL"]
[SourceTitle "CBM 144 Extra"]
[Source "ChessBase"]
[SourceDate "2011.10.28"]
[SourceVersion "1"]
[SourceVersionDate "2011.10.28"]
[SourceQuality "1"]

1. e4 c5 2. Nf3 d6 3. Bb5+ Bd7 4. Bxd7+ Qxd7 5. c4 Nc6 6. d4 cxd4 7. Nxd4 Nf6 8. Nc3 g6 9. f3 Bg7 10. Nde2 0-0 11. Be3 Ne5 12. b3 a6 13. a4 a5 14. 0-0 Rab8 15. Qd2 Rfc8 16. Rac1 b6 17. Nd5 Qd8 18. Bd4 Ned7 19. Rfd1 h5 20. Nec3 Kh7 21. Nb5 Ra8 22. Qf2 Rc6 23. Qh4 e5 24. Be3 Qf8 25. Bg5 Qd8 26. Rc2 Rb8 27. Rcd2 Rb7 28. h3 Kg8 29. Rf2 Kf8 30. Rdf1 Kg8 31. f4 1-0

[Event "Balkan-ch U18"]
[Site "Pljevlja"]
[Date "2011.07.08"]
[Round "7"]
[White "Pecurica, Milos"]
[Black "Kokotovic, Aleksandar"]
[Result "1-0"]
[WhiteElo "2122"]
[BlackElo "1962"]
[PlyCount "79"]
[EventDate "2011.07.02"]
[EventType "tourn"]
[EventRounds "9"]
[EventCountry "MNE"]
[SourceTitle "CBM 143 Extra"]
[Source "ChessBase"]
[SourceDate "2011.08.29"]
[SourceVersion "1"]
[SourceVersionDate "2011.08.29"]
[SourceQuality "1"]

1. d4 d5 2. c4 c6 3. Nf3 Nf6 4. Nc3 a6 5. c5 Nbd7 6. Bf4 Nh5 7. Bd2 Qc7 8. e4 dxe4 9. Nxe4 Ndf6 10. Ne5 Nxe4 11. Qxh5 Be6 12. Bb4 Rd8 13. Rd1 Nf6 14. Qf3 a5 15. Bc3 g6 16. Bc4 Nd5 17. 0-0 Bg7 18. Rfe1 0-0 19. Bd2 b6 20. Qa3 Ra8 21. Bxd5 cxd5 22. Bf4 Bxe5 23. Bxe5 Qc6 24. cxb6 Qxb6 25. Qxe7 Qd8 26. Qa3 Rc8 27. Rc1 Qb6 28. Qe7 Qd8 29. Qxd8 Rcxd8 30. Bc7 Ra8 31. a4 Ra7 32. Bd6 Rfa8 33. Rc5 Ra6 34. Bc7 Kf8 35. Rec1 Ke8 36. f3 R6a7 37. b3 Kd7 38. Be5 Kd8 39. Rc7 Rc8 40. Bf6+ 1-0

[Event "Balkan-ch U18"]
[Site "Pljevlja"]
[Date "2011.07.07"]
[Round "6"]
[White "Kokotovic, Aleksandar"]
[Black "Petrovski, Igor"]
[Result "1/2-1/2"]
[WhiteElo "1962"]
[BlackElo "2234"]
[PlyCount "79"]
[EventDate "2011.07.02"]
[EventType "tourn"]
[EventRounds "9"]
[EventCountry "MNE"]
[SourceTitle "CBM 143 Extra"]
[Source "ChessBase"]
[SourceDate "2011.08.29"]
[SourceVersion "1"]
[SourceVersionDate "2011.08.29"]
[SourceQuality "1"]

1. d4 Nf6 2. c4 c5 3. d5 b5 4. cxb5 a6 5. bxa6 g6 6. g3 Bxa6 7. Bg2 d6 8. Nf3 Bg7 9. 0-0 Nbd7 10. Nc3 0-0 11. Re1 Qa5 12. Bd2 Rfb8 13. Qc2 Bb7 14. e4 Ng4 15. Bf1 Nge5 16. Nxe5 Nxe5 17. Kg2 Ba6 18. Nb5 Qd8 19. a4 c4 20. f4 Nd3 21. Bxd3 cxd3 22. Qxd3 Bxb2 23. Rab1 Bg7 24. Rec1 Qd7 25. Rc6 Bc8 26. Rb4 Qh3+ 27. Kg1 Bg4 28. Bc3 Bd7 29. Rc7 Bxb5 30. Rxb5 Rxb5 31. Qxb5 Qg4 32. Bxg7 Kxg7 33. Rxe7 Qd1+ 34. Kg2 Rxa4 35. Rxf7+ Kxf7 36. Qd7+ Kg8 37. Qe8+ Kg7 38. Qe7+ Kh6 39. Qg5+ Kg7 40. Qe7+ 1/2-1/2

[Event "Balkan-ch U18"]
[Site "Pljevlja"]
[Date "2011.07.02"]
[Round "1"]
[White "Potpara, Nikola"]
[Black "Kokotovic, Aleksandar"]
[Result "1-0"]
[WhiteElo "2195"]
[BlackElo "1962"]
[PlyCount "75"]
[EventDate "2011.07.02"]
[EventType "tourn"]
[EventRounds "9"]
[EventCountry "MNE"]
[SourceTitle "CBM 143 Extra"]
[Source "ChessBase"]
[SourceDate "2011.08.29"]
[SourceVersion "1"]
[SourceVersionDate "2011.08.29"]
[SourceQuality "1"]

1. d4 Nf6 2. c4 e6 3. Nf3 d5 4. Nc3 c6 5. Bg5 Be7 6. e3 Nbd7 7. Qc2 0-0 8. Rd1 a6 9. a3 h6 10. Bh4 Re8 11. Bd3 dxc4 12. Bxc4 b5 13. Ba2 Qb6 14. e4 Bb7 15. e5 Nd5 16. Bb1 Nf8 17. Bxe7 Rxe7 18. Ne4 a5 19. 0-0 b4 20. Rc1 Ba6 21. Rfe1 Rc7 22. Qd2 Nd7 23. Nc5 Nxc5 24. Rxc5 Kf8 25. Be4 Ke7 26. Rec1 bxa3 27. bxa3 a4 28. Rb1 Bb5 29. Qc2 Rd7 30. g3 Qa6 31. Bxd5 Bd3 32. Qb2 cxd5 33. Qb4 Ke8 34. Rbc1 Bc4 35. Nd2 Rb7 36. Qc3 Bb5 37. Rc8+ Kd7 38. Qc7+ 1-0

[Event "EU-ch U16 19th"]
[Site "Fermo"]
[Date "2009.09.06"]
[Round "6"]
[White "Draskovic, Davor"]
[Black "Kokotovic, Aleksandar"]
[Result "1/2-1/2"]
[WhiteElo "2124"]
[BlackElo "1967"]
[PlyCount "48"]
[EventDate "2009.08.31"]
[EventType "swiss"]
[EventRounds "9"]
[EventCountry "ITA"]
[SourceTitle "CBM 132 Extra"]
[Source "ChessBase"]
[SourceDate "2009.11.03"]
[SourceVersion "1"]
[SourceVersionDate "2009.11.03"]
[SourceQuality "1"]

1. e4 c5 2. Nf3 d6 3. d4 cxd4 4. Nxd4 Nf6 5. Nc3 a6 6. Bg5 e6 7. f4 Be7 8. Qf3 Qc7 9. 0-0-0 Nc6 10. Nxc6 bxc6 11. e5 dxe5 12. fxe5 Nd5 13. Bxe7 Nxe7 14. Ne4 0-0 15. Nd6 Qa5 16. Bc4 Qxe5 17. Nxf7 Qc7 18. Rhf1 Ng6 19. h4 Qxf7 20. Qxf7+ Rxf7 21. Rd8+ Nf8 22. Rfd1 Re7 23. Rf1 Rf7 24. Rfd1 Re7 1/2-1/2